00534nam a22001577a 450000500170000001000150001702000270003203500140005903700130007310000210008624500970010726000370020427000920024130000240033350000190035720170421112757.0 aENG-117908 c1180.00a9788184846188 aEN-101440 bDBAD/PUB aSethy,Nilanchala aPress and media laws :cby Michiel Hazewinkelbits impact on the administration of justice / aNew DelhibRahul Composersc2017 aNew Highway Apartments, Lakshmi Niwas 760,Pocket-D, Lok Nayak Puram,bNew Delhie110041 axii,276p.c21cm(Hb) aIncludes index